Fr. Conceicao Rodrigues College of Engineering

Basic fitting tools. (Record no. 23254)

MARC details
000 -LEADER
fixed length control field 00276nam a2200121Ia 4500
082 ## - DEWEY DECIMAL CLASSIFICATION NUMBER
Classification number 621.9
100 ## - MAIN ENTRY--PERSONAL NAME
Personal name Gupta & kaushish.
245 ## - TITLE STATEMENT
Title Basic fitting tools.
260 ## - PUBLICATION, DISTRIBUTION, ETC.
Name of publisher, distributor, etc. New heights publishers .
Date of publication, distribution, etc. 2001
546 ## - LANGUAGE NOTE
Language note ENGLISH
654 ## - SUBJECT ADDED ENTRY--FACETED TOPICAL TERMS
Focus term Basic fitting tools.
942 ## - ADDED ENTRY ELEMENTS (KOHA)
Koha item type BOOK
Holdings
Withdrawn status Lost status Damaged status Not for loan Collection Home library Current library Date acquired Cost, normal purchase price Inventory number Total Checkouts Full call number Barcode Date last seen Cost, replacement price Price effective from Koha item type
        AFT Fr. Agnel's C.Rodrigues College of Engineering Fr. Agnel's C.Rodrigues College of Engineering 17/03/2023 3.75 1043   621.9 AFT691 17/03/2023 3.75 17/03/2023 BOOK